|
|
|
|
| LEADER |
00000caa a22000002c 4500 |
| 001 |
1639347674 |
| 003 |
DE-627 |
| 005 |
20220608124808.0 |
| 007 |
tu |
| 008 |
160223s1995 xx ||||| 00| ||eng c |
| 035 |
|
|
|a (DE-627)1639347674
|
| 035 |
|
|
|a (DE-576)455842485
|
| 035 |
|
|
|a (DE-599)BSZ455842485
|
| 040 |
|
|
|a DE-627
|b ger
|c DE-627
|e rakwb
|
| 041 |
|
|
|a eng
|
| 100 |
1 |
|
|a Sherr, Avrom
|4 aut
|
| 109 |
|
|
|a Sherr, Avrom
|
| 245 |
1 |
0 |
|a Of super heroes and slaves: images and work of the legal professional
|c Avrom Sherr
|
| 264 |
|
1 |
|c 1995
|
| 336 |
|
|
|a Text
|b txt
|2 rdacontent
|
| 337 |
|
|
|a ohne Hilfsmittel zu benutzen
|b n
|2 rdamedia
|
| 338 |
|
|
|a Band
|b nc
|2 rdacarrier
|
| 773 |
0 |
8 |
|i In
|t Current legal problems / Special issue
|d London : Stevens, 1985
|g 48(1995), 2, Seite 327-343
|w (DE-627)16669455X
|w (DE-600)271445-0
|w (DE-576)012080977
|
| 773 |
1 |
8 |
|g volume:48
|g year:1995
|g number:2
|g pages:327-343
|
| 935 |
|
|
|a mkri
|
| 951 |
|
|
|a AR
|
| ELC |
|
|
|b 1
|
| LOK |
|
|
|0 000 xxxxxcx a22 zn 4500
|
| LOK |
|
|
|0 001 3299851209
|
| LOK |
|
|
|0 003 DE-627
|
| LOK |
|
|
|0 004 1639347674
|
| LOK |
|
|
|0 005 20160223095243
|
| LOK |
|
|
|0 008 160208||||||||||||||||ger|||||||
|
| LOK |
|
|
|0 040
|a DE-21-110
|c DE-627
|d DE-21-110
|
| LOK |
|
|
|0 689
|a s
|a Strafverteidiger
|
| LOK |
|
|
|0 852
|z Kein Bestand am IfK; Nachweis für KrimDok
|
| LOK |
|
|
|0 852
|a DE-21-110
|
| LOK |
|
|
|0 852 1
|m v
|9 00
|
| LOK |
|
|
|0 935
|a k110
|
| LOK |
|
|
|0 938
|k v
|
| LOK |
|
|
|0 939
|a 08-02-16
|b l01
|
| ORI |
|
|
|a SA-MARC-krimdoka001.raw
|